000 00447nam a22001817a 4500
003 OSt
005 20170105103442.0
008 120426t xxu||||| |||| 00| 0 eng d
020 _a 9780198569251
040 _cASAB
082 _a616.922,TOR
100 _aDr M Estee Torok
_9182
245 _aOxford Handbook of Infectious Diseases and Microbiology
260 _aOxford
_bLondon
300 _a894
650 _aMicrobiology
_9183
942 _2lcc
_cBK
999 _c16491
_d16491